000 00550nam a2200169 i 4500
001 110471
003 ES-MaACL
005 20230906185047.0
007 t|
008 061121s1930 xxua |||| | eng d
110 2 _aFaraday society (London)
_9164161
245 1 0 _aOptical rotatory power
_b: a general discussion held by the Faraday Society, April 1930... /
_cFaraday Society.
260 _a[Aberdeen :
_bThe University Press,
_c1930]
300 _aP. 265-461 :
_bil. ;
_c25 cm.
650 4 _aEfecto Faraday.
_9164162
852 _aES-MaACL
_jA-1335
999 _c110471
_d110471